| 000 | 00780cam a22002655i 4500 | ||
|---|---|---|---|
| 001 | 23019720 | ||
| 003 | OSt | ||
| 005 | 20230619152526.0 | ||
| 008 | 230315s2022 ke a 001 0 eng | ||
| 010 | _a 2023320216 | ||
| 020 | _a9789966194749 | ||
| 040 |
_aDLC _beng _erda _cDLC |
||
| 042 |
_alcode _apcc |
||
| 082 |
_a920 _bKEN 2022 |
||
| 245 | 0 | 0 |
_aKibaki cabinets. _cKenya Yearbook Editorial Board |
| 264 | 1 |
_aNairobi : _bKenya Yearbook Editorial Board, _c2022 |
|
| 300 |
_ax, 409 pages : _bcolor illustrations ; _c21 x 31cm |
||
| 336 |
_atext _btxt _2rdacontent |
||
| 337 |
_aunmediated _bn _2rdamedia |
||
| 338 |
_avolume _bnc _2rdacarrier |
||
| 500 | _aIncludes index. | ||
| 906 |
_a0 _bibc _corigode _d3 _encip _f20 _gy-gencatlg |
||
| 942 |
_2ddc _cBK |
||
| 999 |
_c1381 _d1381 |
||